Most Common Three-Letter Words - Statistics

General Stats
  • This quiz has been taken 395 times
    360 since last reset
  • The average score is 19 of 30
Answer Stats
Rank Word % Correct
1 The
93%
2 And
86%
10 Can
82%
13 Her
79%
3 For
78%
4 You
76%
6 But
75%
8 Not
71%
15 One
71%
23 Two
70%
26 Are
69%
9 She
69%
12 Get
68%
7 His
67%
18 Him
64%
17 See
64%
27 Was
64%
22 Our
62%
20 How
57%
5 Say
57%
11 Who
57%
14 All
54%
16 Out
52%
29 Had
50%
28 Has
49%
19 Now
47%
21 Its
45%
25 New
38%
24 Way
32%
30 Hot
17%
No matching quizzes found
Score Distribution
Percent of People with Each Score
Percentile by Number Answered
Your Score History
You have not taken this quiz since the last reset